[Event "Madrid San Viator op-B 31st"]
[Site "Madrid"]
[Date "2019.11.10"]
[Round "8"]
[White "Campos Calderon, David"]
[Black "Insua Rodriguez, Antonio"]
[Result "1-0"]
[WhiteElo "1549"]
[BlackElo "1320"]
[PlyCount "65"]
[EventDate "2019.09.08"]
[EventType "swiss"]
[EventRounds "9"]
[EventCountry "ESP"]
[SourceTitle "EXT 2022"]
[Source "ChessBase"]
[SourceDate "2021.10.06"]
[SourceVersion "1"]
[SourceVersionDate "2021.10.06"]
[SourceQuality "1"]

1. d4 d5 2. c4 e6 3. cxd5 exd5 4. Nc3 c6 5. Qc2 Nf6 6. Bg5 h6 7. Bh4 Na6 8. a3 Nc7 9. e3 Bd6 10. Bd3 g5 11. Bg3 Bxg3 12. hxg3 Qe7 13. Nf3 Ne4 14. Nxe4 dxe4 15. Bxe4 f5 16. Bxf5 Bxf5 17. Qxf5 Rf8 18. Qg6+ Qf7 19. Rxh6 0-0-0 20. Qxf7 Rxf7 21. Nxg5 Re7 22. Rd1 Nb5 23. Kf1 Nd6 24. Ne6 Rde8 25. Nc5 b6 26. Rxd6 bxc5 27. Rxc6+ Kd7 28. Rxc5 Rb8 29. b4 Rh7 30. g4 Rf8 31. f4 Rfh8 32. Kf2 Rh2 33. d5 1-0

[Event "Madrid San Viator op-B 31st"]
[Site "Madrid"]
[Date "2019.09.29"]
[Round "3"]
[White "Gallego Romero, Manuel"]
[Black "Insua Rodriguez, Antonio"]
[Result "1-0"]
[WhiteElo "1421"]
[BlackElo "1320"]
[PlyCount "89"]
[EventDate "2019.09.08"]
[EventType "swiss"]
[EventRounds "9"]
[EventCountry "ESP"]
[SourceTitle "EXT 2022"]
[Source "ChessBase"]
[SourceDate "2021.10.06"]
[SourceVersion "1"]
[SourceVersionDate "2021.10.06"]
[SourceQuality "1"]

1. e4 e6 2. d4 d5 3. exd5 exd5 4. h3 Bd6 5. Nf3 Nf6 6. Nc3 c6 7. Bd3 0-0 8. 0-0 Nbd7 9. Ne2 c5 10. c3 Re8 11. Bb1 c4 12. Qc2 Nf8 13. Nf4 g6 14. Ne2 Bf5 15. Qd1 Bxb1 16. Rxb1 Kg7 17. Bg5 N8d7 18. Ng3 h6 19. Bd2 Ne4 20. Nxe4 dxe4 21. Ne1 Nf6 22. Qc1 g5 23. Nc2 Nd5 24. Ne3 Nxe3 25. Bxe3 f5 26. Qd1 f4 27. Bc1 e3 28. fxe3 fxe3 29. Qf3 Bf4 30. g3 e2 31. Re1 Bxc1 32. Rbxc1 Qe7 33. Rc2 Qe3+ 34. Qxe3 Rxe3 35. Kf2 Rae8 36. Rcxe2 Rxe2+ 37. Rxe2 Rxe2+ 38. Kxe2 Kf6 39. Ke3 h5 40. Ke4 b5 41. d5 a5 42. Kd4 Ke7 43. Kc5 g4 44. hxg4 hxg4 45. Kxb5 1-0

[Event "Madrid San Viator op-B 31st"]
[Site "Madrid"]
[Date "2019.09.15"]
[Round "2"]
[White "Insua Rodriguez, Antonio"]
[Black "Arce Escobedo, Julio"]
[Result "0-1"]
[WhiteElo "1320"]
[BlackElo "1664"]
[PlyCount "92"]
[EventDate "2019.09.08"]
[EventType "swiss"]
[EventRounds "9"]
[EventCountry "ESP"]
[SourceTitle "EXT 2022"]
[Source "ChessBase"]
[SourceDate "2021.10.06"]
[SourceVersion "1"]
[SourceVersionDate "2021.10.06"]
[SourceQuality "1"]

1. Nc3 d5 2. d4 e6 3. e4 dxe4 4. Nxe4 Nf6 5. Nxf6+ Qxf6 6. Nf3 h6 7. Bf4 Qxf4 8. Qe2 Bd6 9. g3 Qf6 10. Bg2 0-0 11. 0-0 Nc6 12. c3 Ne7 13. Rfe1 Rb8 14. Rad1 b6 15. Ne5 Rd8 16. Ng4 Qg5 17. h4 Qa5 18. b4 Bxb4 19. cxb4 Qxb4 20. d5 Nxd5 21. Bxd5 exd5 22. Rb1 Qxg4 23. Qe5 Bf5 24. Rb3 c5 25. f3 Qd4+ 26. Qxd4 cxd4 27. Rb4 d3 28. Rd4 Rbc8 29. g4 Bh7 30. f4 Kf8 31. f5 Rc2 32. Rxd3 Rxa2 33. h5 Ra4 34. Rg3 Re4 35. Kf2 Rde8 36. Rge3 Rxe3 37. Rxe3 Rxe3 38. Kxe3 Ke7 39. Kd4 Kf6 40. Kxd5 a5 41. Kc4 a4 42. Kb4 b5 43. Ka3 Kg5 44. Kb4 Kxg4 45. f6 gxf6 46. Ka3 f5 0-1

[Event "Madrid San Viator op-B 30th"]
[Site "Madrid"]
[Date "2018.05.06"]
[Round "4"]
[White "Insua Rodriguez, Antonio"]
[Black "Lantero Machieraldo, Hugo"]
[Result "1/2-1/2"]
[WhiteElo "1361"]
[BlackElo "1058"]
[PlyCount "72"]
[EventDate "2018.04.08"]
[EventType "swiss"]
[EventRounds "9"]
[EventCountry "ESP"]
[SourceTitle "EXT 2019"]
[Source "ChessBase"]
[SourceDate "2018.10.10"]
[SourceVersion "1"]
[SourceVersionDate "2018.10.10"]
[SourceQuality "1"]

1. c4 e5 2. Nc3 Nc6 3. Nf3 Bc5 4. g3 a6 5. Bg2 d6 6. a3 Ba7 7. b4 Bf5 8. Bb2 Nf6 9. Nh4 Ng4 10. e3 Be6 11. b5 Na5 12. d3 c6 13. bxa6 Qb6 14. Rb1 Nxe3 15. fxe3 Qxe3+ 16. Qe2 Qxe2+ 17. Nxe2 bxa6 18. Bc3 Rb8 19. Rxb8+ Bxb8 20. Bxa5 g5 21. Nf3 f6 22. 0-0 g4 23. Nh4 Ba7+ 24. Kh1 d5 25. Rxf6 Ke7 26. Rh6 Be3 27. Ng6+ Kd6 28. c5+ Kxc5 29. Nxh8 Bxh6 30. d4+ exd4 31. Nf4 Bg8 32. Nd3+ Kc4 33. Ne5+ Kb3 34. Nhf7 Bc1 35. Nxc6 Bxf7 36. Nxd4+ Kxa3 1/2-1/2

[Event "Madrid San Viator op-B 29th"]
[Site "Madrid"]
[Date "2017.11.12"]
[Round "9"]
[White "Ramos Antona, Enrique"]
[Black "Insua Rodriguez, Antonio"]
[Result "1/2-1/2"]
[WhiteElo "1650"]
[BlackElo "1373"]
[PlyCount "65"]
[EventDate "2017.09.17"]
[EventType "swiss"]
[EventRounds "9"]
[EventCountry "ESP"]
[SourceTitle "EXT 2019"]
[Source "ChessBase"]
[SourceDate "2018.10.10"]
[SourceVersion "1"]
[SourceVersionDate "2018.10.10"]
[SourceQuality "1"]

1. d4 d5 2. c4 e6 3. Nf3 c6 4. cxd5 exd5 5. a3 Nf6 6. Bg5 Nbd7 7. Nc3 h6 8. Bh4 Bd6 9. e3 g5 10. Bg3 Bxg3 11. hxg3 a6 12. Bd3 c5 13. Rc1 c4 14. Bf5 Kf8 15. Nd2 Nb6 16. g4 Ne8 17. Qf3 Bxf5 18. gxf5 Kg7 19. g4 Nf6 20. Qg3 Qe7 21. Nf3 Ne4 22. Nxe4 Qxe4 23. Qe5+ Qxe5 24. Nxe5 f6 25. Ng6 Rhe8 26. Kd2 Nc8 27. Rh3 Ne7 28. Rch1 Nxg6 29. fxg6 Rh8 30. f4 Kxg6 31. f5+ Kg7 32. Kc3 a5 33. Re1 1/2-1/2

[Event "Madrid San Viator op-B 29th"]
[Site "Madrid"]
[Date "2017.10.22"]
[Round "5"]
[White "Insua Rodriguez, Antonio"]
[Black "Centeno Mendoza, Julio Stefano"]
[Result "1-0"]
[WhiteElo "1373"]
[BlackElo "1411"]
[PlyCount "87"]
[EventDate "2017.09.17"]
[EventType "swiss"]
[EventRounds "9"]
[EventCountry "ESP"]
[SourceTitle "EXT 2019"]
[Source "ChessBase"]
[SourceDate "2018.10.10"]
[SourceVersion "1"]
[SourceVersionDate "2018.10.10"]
[SourceQuality "1"]

1. c4 e5 2. Nc3 Bb4 3. Nd5 Bc5 4. b4 Bd4 5. Rb1 c6 6. e3 Bb6 7. Nc3 d5 8. cxd5 cxd5 9. Bb5+ Nc6 10. Qa4 Qd6 11. Nge2 Nf6 12. Bd3 0-0 13. b5 Ne7 14. 0-0 Bd7 15. f4 e4 16. Bc2 a6 17. Qb3 Be6 18. Nd4 Bxd4 19. exd4 Rfe8 20. Ba3 Qc7 21. b6 Qd8 22. Na4 Nf5 23. Nc5 Nxd4 24. Qb2 Nxc2 25. Nxb7 Qb8 26. Na5 Nxa3 27. b7 Ra7 28. Nc6 Nc4 29. Qc1 Qc7 30. Nxa7 Qc5+ 31. Kh1 Ng4 32. b8Q Bc8 33. Qb6 Qe7 34. Qe1 Nxb6 35. Nxc8 Nxc8 36. h3 Nf6 37. Qe2 Qd6 38. g3 d4 39. Qc4 Nh5 40. Kh2 Na7 41. Rb7 Nb5 42. Qxf7+ Kh8 43. Qxe8+ Qf8 44. Qxf8# 1-0

[Event "Madrid San Viator op-B 29th"]
[Site "Madrid"]
[Date "2017.09.17"]
[Round "1"]
[White "Insua Rodriguez, Antonio"]
[Black "San Felipe Gonzalez, Tomas"]
[Result "0-1"]
[WhiteElo "1373"]
[BlackElo "1689"]
[PlyCount "64"]
[EventDate "2017.09.17"]
[EventType "swiss"]
[EventRounds "9"]
[EventCountry "ESP"]
[SourceTitle "EXT 2019"]
[Source "ChessBase"]
[SourceDate "2018.10.10"]
[SourceVersion "1"]
[SourceVersionDate "2018.10.10"]
[SourceQuality "1"]

1. c4 e5 2. Nc3 Nc6 3. g3 Nf6 4. Bg2 Bc5 5. e3 a6 6. Nge2 0-0 7. 0-0 d6 8. d4 exd4 9. exd4 Ba7 10. d5 Ne5 11. b3 Bf5 12. Nf4 Qd7 13. Be3 Bxe3 14. fxe3 Neg4 15. Qd2 Rfe8 16. Rae1 Ne4 17. Nxe4 Bxe4 18. Qd4 Bxg2 19. Nxg2 Re5 20. Rf4 Nf6 21. Ref1 Qe7 22. R1f3 Re4 23. Qd3 Re8 24. h3 Rxf4 25. Rxf4 Ne4 26. Kh2 g6 27. Ne1 Nc5 28. Qf1 Qxe3 29. Rxf7 Qxe1 30. Rf8+ Rxf8 31. Qxe1 Rf7 32. Qe6 Nxe6 0-1

[Event "Madrid San Viator op-B 28th"]
[Site "Madrid"]
[Date "2017.05.28"]
[Round "8"]
[White "De los Rios Camacho, Juan Antoni"]
[Black "Insua Rodriguez, Antonio"]
[Result "1-0"]
[WhiteElo "1683"]
[BlackElo "1412"]
[PlyCount "77"]
[EventDate "2017.03.26"]
[EventType "swiss"]
[EventRounds "9"]
[EventCountry "ESP"]
[SourceTitle "EXT 2019"]
[Source "ChessBase"]
[SourceDate "2018.10.10"]
[SourceVersion "1"]
[SourceVersionDate "2018.10.10"]
[SourceQuality "1"]

1. e4 e6 2. d4 d5 3. Nd2 Nf6 4. e5 Nfd7 5. f4 c5 6. c3 Nc6 7. Ndf3 cxd4 8. Nxd4 Nxd4 9. Qxd4 Bc5 10. Qd3 Qb6 11. Nf3 Bf2+ 12. Ke2 Nc5 13. Qc2 Ne4 14. Nd4 Bd7 15. Be3 Bb5+ 16. Kf3 Bxf1 17. Rhxf1 Bxe3 18. Kxe3 0-0 19. Rf3 f6 20. Raf1 fxe5 21. fxe5 Rxf3+ 22. gxf3 Ng5 23. h4 Nf7 24. f4 Nh6 25. Rg1 Nf5+ 26. Kd3 Nxd4 27. cxd4 Qd8 28. Qg2 Qf8 29. h5 Qf5+ 30. Ke3 Qf7 31. Qg5 Rf8 32. f5 exf5 33. Kf4 h6 34. Qxh6 Rc8 35. e6 Qc7+ 36. Ke3 f4+ 37. Kf3 Rf8 38. Qg6 Kh8 39. h6 1-0

[Event "Madrid San Viator op-B 27th"]
[Site "Madrid"]
[Date "2016.11.13"]
[Round "8"]
[White "Tudela Garcia, Antonio"]
[Black "Insua Rodriguez, Antonio"]
[Result "1/2-1/2"]
[WhiteElo "1648"]
[BlackElo "1432"]
[PlyCount "78"]
[EventDate "2016.09.25"]
[EventType "swiss"]
[EventRounds "9"]
[EventCountry "ESP"]
[SourceTitle "EXT 2019"]
[Source "ChessBase"]
[SourceDate "2018.10.10"]
[SourceVersion "1"]
[SourceVersionDate "2018.10.10"]
[SourceQuality "1"]

1. e4 e6 2. Qe2 Be7 3. Nf3 d5 4. exd5 exd5 5. g3 Bg4 6. Bg2 c6 7. d4 Nd7 8. 0-0 Qb6 9. c3 0-0-0 10. Qc2 g6 11. Ng5 Rf8 12. Bh3 Ngf6 13. Bxg4 Nxg4 14. b3 f6 15. Ne6 f5 16. Nxf8 Rxf8 17. f3 Ngf6 18. Qd3 Nh5 19. Ba3 Re8 20. Bxe7 Rxe7 21. Kg2 f4 22. g4 Qd8 23. Na3 Re3 24. Qd2 Qh4 25. gxh5 g5 26. Qf2 Qxh5 27. Rae1 Rxc3 28. Re6 g4 29. Kg1 Rxf3 30. Qg2 Rxf1+ 31. Qxf1 g3 32. hxg3 fxg3 33. Re2 Qh4 34. Nc2 Nf6 35. Qf5+ Kc7 36. Qe5+ Kb6 37. Qe7 Qg5 38. Qc5+ Kc7 39. Re7+ Nd7 1/2-1/2

[Event "Madrid San Viator op-B 27th"]
[Site "Madrid"]
[Date "2016.10.09"]
[Round "3"]
[White "Insua Rodriguez, Antonio"]
[Black "Castro Uceda, Jose Antonio"]
[Result "1/2-1/2"]
[WhiteElo "1432"]
[BlackElo "1532"]
[PlyCount "108"]
[EventDate "2016.09.25"]
[EventType "swiss"]
[EventRounds "9"]
[EventCountry "ESP"]
[SourceTitle "EXT 2017"]
[Source "ChessBase"]
[SourceDate "2016.10.25"]
[SourceVersion "1"]
[SourceVersionDate "2016.10.25"]
[SourceQuality "1"]

1. Nc3 d5 2. d4 Nf6 3. f3 e6 4. Bg5 Be7 5. e4 Nxe4 6. Bxe7 Nxc3 7. Bxd8 Nxd1 8. Bxc7 Nxb2 9. Bb5+ Nc6 10. Rb1 Nc4 11. Ne2 0-0 12. Bxc4 dxc4 13. 0-0 a6 14. Rfd1 Re8 15. Nc3 b5 16. Ne4 Re7 17. Bd6 Rd7 18. d5 Nd8 19. dxe6 Nxe6 20. Nc5 Nxc5 21. Bxc5 Rxd1+ 22. Rxd1 Be6 23. c3 h6 24. Ra1 Rd8 25. Bd4 Rd7 26. a3 f6 27. Kf2 Kf7 28. Ke3 Bf5 29. a4 Re7+ 30. Kd2 Bd3 31. Be3 Rb7 32. Bc5 bxa4 33. Kc1 Rb5 34. Bd4 Ke6 35. Rxa4 a5 36. Ra2 Kf5 37. Kd2 a4 38. Ke3 a3 39. Rxa3 Rb2 40. g4+ Kg6 41. h4 Rh2 42. h5+ Kg5 43. Ra5+ Kh4 44. Kf4 Rb2 45. Ra7 g5+ 46. hxg6 Bxg6 47. Ra1 Rh2 48. Bxf6+ Kh3 49. Ra6 Kg2 50. Ra2+ Kh3 51. Rxh2+ Kxh2 52. Ke5 Kg3 53. g5 hxg5 54. Bxg5 Kxf3 1/2-1/2

[Event "Madrid San Viator op-B 26th"]
[Site "Madrid"]
[Date "2016.05.08"]
[Round "5"]
[White "Insua Rodriguez, Antonio"]
[Black "Tudela Garcia, Antonio"]
[Result "0-1"]
[WhiteElo "1406"]
[BlackElo "1616"]
[PlyCount "36"]
[EventDate "2016.04.03"]
[EventType "swiss"]
[EventRounds "9"]
[EventCountry "ESP"]
[SourceTitle "EXT 2017"]
[Source "ChessBase"]
[SourceDate "2016.10.25"]
[SourceVersion "1"]
[SourceVersionDate "2016.10.25"]
[SourceQuality "1"]

1. Nc3 b6 2. d4 Bb7 3. e4 e6 4. Nf3 Nf6 5. Bg5 h6 6. Bh4 Be7 7. Bd3 0-0 8. e5 Nd5 9. Bxe7 Qxe7 10. Nxd5 Bxd5 11. Qe2 d6 12. Rg1 Nd7 13. Be4 dxe5 14. Bxd5 exd5 15. dxe5 Rfe8 16. Kd2 Qb4+ 17. Kd1 Qxb2 18. Kd2 Nc5 0-1

[Event "Madrid San Viator op-B 26th"]
[Site "Madrid"]
[Date "2016.04.24"]
[Round "4"]
[White "Algaba Traspuesto, Jose Antonio"]
[Black "Insua Rodriguez, Antonio"]
[Result "1/2-1/2"]
[WhiteElo "1633"]
[BlackElo "1406"]
[PlyCount "49"]
[EventDate "2016.04.03"]
[EventType "swiss"]
[EventRounds "9"]
[EventCountry "ESP"]
[SourceTitle "EXT 2017"]
[Source "ChessBase"]
[SourceDate "2016.10.25"]
[SourceVersion "1"]
[SourceVersionDate "2016.10.25"]
[SourceQuality "1"]

1. d4 d5 2. e3 Nf6 3. Bd3 e6 4. Nd2 c5 5. c3 Nc6 6. f4 Bd6 7. Qf3 cxd4 8. exd4 Qc7 9. Nh3 h6 10. g3 Bd7 11. Qe2 g5 12. Rf1 g4 13. Nf2 h5 14. a3 Ng8 15. c4 Nxd4 16. Qd1 0-0-0 17. b4 dxc4 18. Bxc4 Nf3+ 19. Nxf3 Qxc4 20. Bb2 Bxb4+ 21. Nd2 Bxd2+ 22. Qxd2 Bb5 23. Rc1 Rxd2 24. Rxc4+ Bxc4 25. Kxd2 1/2-1/2

[Event "Madrid San Viator op-B 26th"]
[Site "Madrid"]
[Date "2016.04.03"]
[Round "1"]
[White "Fernandez Garcia, Emilio"]
[Black "Insua Rodriguez, Antonio"]
[Result "1/2-1/2"]
[WhiteElo "1624"]
[BlackElo "1406"]
[PlyCount "48"]
[EventDate "2016.04.03"]
[EventType "swiss"]
[EventRounds "9"]
[EventCountry "ESP"]
[SourceTitle "EXT 2017"]
[Source "ChessBase"]
[SourceDate "2016.10.25"]
[SourceVersion "1"]
[SourceVersionDate "2016.10.25"]
[SourceQuality "1"]

1. d4 d5 2. c4 e6 3. Nf3 Nf6 4. Bg5 Nbd7 5. Nc3 Be7 6. e3 0-0 7. Rc1 c6 8. Bd3 dxc4 9. Bxc4 Nd5 10. Bxe7 Qxe7 11. 0-0 Nxc3 12. Rxc3 e5 13. Re1 e4 14. Nd2 Nf6 15. h3 Be6 16. b3 Bxc4 17. bxc4 Rad8 18. Qc2 b6 19. Rb1 c5 20. d5 Rfe8 21. a4 Rd6 22. Rcb3 Nd7 23. a5 f5 24. Nf1 Qf6 1/2-1/2

[Event "Madrid San Viator op-B 25th"]
[Site "Madrid"]
[Date "2015.10.18"]
[Round "4"]
[White "Blasco Gallardo, Francisco"]
[Black "Insua Rodriguez, Antonio"]
[Result "0-1"]
[WhiteElo "1495"]
[BlackElo "1431"]
[PlyCount "48"]
[EventDate "2015.10.04"]
[EventType "swiss"]
[EventRounds "9"]
[EventCountry "ESP"]
[SourceTitle "EXT 2019"]
[Source "ChessBase"]
[SourceDate "2018.10.10"]
[SourceVersion "1"]
[SourceVersionDate "2018.10.10"]
[SourceQuality "1"]

1. b3 d5 2. Bb2 Nc6 3. e3 e5 4. Bb5 Bd6 5. Bxc6+ bxc6 6. Ne2 Nf6 7. f4 Qe7 8. 0-0 Ba6 9. d3 Ng4 10. Rf3 e4 11. Rg3 h5 12. Bxg7 Rg8 13. Bh6 Qh4 14. h3 Nxh6 15. Rxg8+ Nxg8 16. c4 Ne7 17. Nbc3 Nf5 18. Qd2 Rd8 19. dxe4 dxe4 20. Qc1 Ng3 21. Nd4 Bb7 22. Qe1 c5 23. Nf5 Nxf5 24. Qxh4 Nxh4 0-1

[Event "Madrid San Viator op 24th"]
[Site "Madrid"]
[Date "2015.05.10"]
[Round "6"]
[White "Castro Uceda, Jose Antonio"]
[Black "Insua Rodriguez, Antonio"]
[Result "1-0"]
[WhiteElo "1604"]
[BlackElo "1415"]
[PlyCount "45"]
[EventDate "2015.03.22"]
[EventType "swiss"]
[EventRounds "9"]
[EventCountry "ESP"]
[SourceTitle "EXT 2016"]
[Source "ChessBase"]
[SourceDate "2015.10.08"]
[SourceVersion "1"]
[SourceVersionDate "2015.10.08"]
[SourceQuality "1"]

1. d4 d5 2. c4 c6 3. e3 Nf6 4. Nc3 Bf5 5. Nf3 e6 6. Bd3 Bxd3 7. Qxd3 Nbd7 8. c5 Qc7 9. 0-0 Be7 10. b4 b5 11. a4 a5 12. axb5 0-0 13. b6 Qb8 14. bxa5 Nxb6 15. cxb6 Bb4 16. Ba3 Bxc3 17. Qxc3 Rc8 18. Rfb1 Ra6 19. Ne5 Ne4 20. Qe1 Nd6 21. Nd7 Qb7 22. Nc5 Qe7 23. Nxa6 1-0

[Event "Madrid San Viator op 24th"]
[Site "Madrid"]
[Date "2015.03.22"]
[Round "1"]
[White "Insua Rodriguez, Antonio"]
[Black "Vicioso Barbadillo, Juan J"]
[Result "1-0"]
[WhiteElo "1415"]
[BlackElo "1169"]
[PlyCount "47"]
[EventDate "2015.03.22"]
[EventType "swiss"]
[EventRounds "9"]
[EventCountry "ESP"]
[SourceTitle "EXT 2016"]
[Source "ChessBase"]
[SourceDate "2015.10.08"]
[SourceVersion "1"]
[SourceVersionDate "2015.10.08"]
[SourceQuality "1"]

1. c4 c5 2. Nf3 Nf6 3. d4 b6 4. d5 d6 5. Nc3 g6 6. Bg5 Bg7 7. Qd2 Nbd7 8. Bh6 Bxh6 9. Qxh6 Ng8 10. Qg7 Nf8 11. Qxh8 Bg4 12. Qxg8 Bxf3 13. gxf3 Qc7 14. Bh3 Qb7 15. e4 Qa6 16. b3 Qa5 17. Rc1 Qa3 18. 0-0 a5 19. Nb5 Qxa2 20. Nc7+ Kd8 21. Nxa8 Ke8 22. Nc7+ Kd8 23. Qxf8+ Kxc7 24. Qc8# 1-0

[Event "Madrid San Viator op 22nd"]
[Site "Madrid"]
[Date "2014.04.06"]
[Round "3"]
[White "Insua Rodriguez, Antonio"]
[Black "Tsakas, Nikolaos"]
[Result "0-1"]
[WhiteElo "1497"]
[BlackElo "1738"]
[PlyCount "130"]
[EventDate "2014.03.23"]
[EventType "swiss"]
[EventRounds "9"]
[EventCountry "ESP"]
[SourceTitle "EXT 2015"]
[Source "ChessBase"]
[SourceDate "2014.11.20"]
[SourceVersion "1"]
[SourceVersionDate "2014.11.20"]
[SourceQuality "1"]

1. Nc3 d5 2. e4 d4 3. Nce2 c5 4. Ng3 Nc6 5. Bc4 Nf6 6. Nf3 Bg4 7. h3 Bxf3 8. Qxf3 Ne5 9. Qb3 Nxc4 10. Qxc4 e6 11. d3 Be7 12. 0-0 a6 13. a4 0-0 14. Bf4 Qb6 15. a5 Qc6 16. Qb3 Bd6 17. Bxd6 Qxd6 18. Rfe1 Nd7 19. e5 Nxe5 20. Ne4 Qc6 21. Qb6 Qxb6 22. axb6 Nd7 23. Nd6 Nxb6 24. Nxb7 c4 25. Nc5 cxd3 26. cxd3 a5 27. Nb3 a4 28. Nxd4 Rfd8 29. Re4 Rd5 30. Nc6 Rxd3 31. Rb4 Rb3 32. Rxb3 axb3 33. Rxa8+ Nxa8 34. Nd4 Nb6 35. Nxb3 Nc4 36. Nd4 Nxb2 37. f4 Nd3 38. g3 h5 39. Kg2 g6 40. Kf3 Kg7 41. g4 hxg4+ 42. hxg4 Nc5 43. g5 f5 44. gxf6+ Kxf6 45. Kg4 Nd3 46. Kf3 Nxf4 47. Nc2 g5 48. Ne3 Nd3 49. Ng4+ Kg6 50. Ke4 Nf4 51. Kf3 Kh5 52. Kg3 Ng6 53. Nf6+ Kh6 54. Ng4+ Kg7 55. Kf3 Nh4+ 56. Kg3 Kg6 57. Ne3 Nf5+ 58. Kf3 Nxe3 59. Kxe3 Kf5 60. Kf3 e5 61. Kf2 Kf4 62. Ke2 g4 63. Kf2 g3+ 64. Kf1 Kf3 65. Kg1 g2 0-1

[Event "Madrid San Viator op 21st"]
[Site "Madrid"]
[Date "2013.09.29"]
[Round "1"]
[White "Insua Rodriguez, Antonio"]
[Black "Rendo Casado, Daniel"]
[Result "0-1"]
[WhiteElo "1527"]
[BlackElo "1667"]
[PlyCount "90"]
[EventDate "2013.09.29"]
[EventType "swiss"]
[EventRounds "9"]
[EventCountry "ESP"]
[SourceTitle "EXT 2015"]
[Source "ChessBase"]
[SourceDate "2014.11.20"]
[SourceVersion "1"]
[SourceVersionDate "2014.11.20"]
[SourceQuality "1"]

1. Nc3 e5 2. Nf3 Nc6 3. d4 f6 4. dxe5 fxe5 5. e4 Nf6 6. Bg5 Be7 7. Bc4 h6 8. Bxf6 Bxf6 9. Nd5 d6 10. Nxf6+ Qxf6 11. 0-0 Bd7 12. c3 0-0-0 13. Bd5 Ne7 14. Bb3 Bg4 15. Qe2 Bxf3 16. gxf3 Qg5+ 17. Kh1 Qh5 18. Be6+ Kb8 19. Bg4 Qh4 20. Rg1 h5 21. Bf5 g5 22. Rg3 Qf4 23. Rag1 Nxf5 24. exf5 Qxf5 25. Rxg5 Qf7 26. b3 Rdg8 27. Qe3 Rxg5 28. Qxg5 Qxf3+ 29. Rg2 Qd1+ 30. Rg1 Qf3+ 31. Rg2 h4 32. Qe3 Qxe3 33. fxe3 b5 34. Kg1 Rf8 35. Rf2 Rxf2 36. Kxf2 e4 37. Kg2 c5 38. Kh3 d5 39. Kxh4 Kc7 40. Kg5 d4 41. cxd4 cxd4 42. h4 d3 43. h5 d2 44. h6 d1Q 45. h7 Qd8+ 0-1

[Event "Madrid San Viator op 20th"]
[Site "Madrid"]
[Date "2013.05.12"]
[Round "5"]
[White "Insua Rodriguez, Antonio"]
[Black "Sotoca Aguado, Jose"]
[Result "0-1"]
[WhiteElo "1576"]
[BlackElo "1976"]
[PlyCount "66"]
[EventDate "2013.04.07"]
[EventType "swiss"]
[EventRounds "9"]
[EventCountry "ESP"]
[SourceTitle "EXT 2014"]
[Source "ChessBase"]
[SourceDate "2013.11.20"]
[SourceVersion "1"]
[SourceVersionDate "2013.11.20"]
[SourceQuality "1"]

1. Nc3 d5 2. e4 d4 3. Nce2 c5 4. Ng3 e5 5. Nf3 Bd6 6. Bb5+ Nc6 7. 0-0 Nge7 8. d3 a6 9. Bc4 b5 10. Bb3 Na5 11. Nd2 Nxb3 12. Nxb3 Ng6 13. Bd2 0-0 14. c3 Nf4 15. Nc1 Qh4 16. f3 Be6 17. Be1 Qg5 18. Bd2 Qg6 19. a4 h5 20. Nce2 Nxd3 21. Qc2 c4 22. f4 Nxf4 23. Nxf4 exf4 24. Nf5 d3 25. Qc1 Bxf5 26. exf5 Qxf5 27. Bxf4 Bxf4 28. Rxf4 Qc5+ 29. Kf1 Rae8 30. Rf2 Re3 31. Qd2 Rfe8 32. Re1 Rxe1+ 33. Qxe1 Rxe1+ 0-1